| 000 | 00855nam a2200265Ia 4500 | ||
|---|---|---|---|
| 003 | OSt | ||
| 005 | 20220918171626.0 | ||
| 006 | a|||||r|||| 00| 0 | ||
| 007 | ta | ||
| 008 | 220917b |||||||| |||| 00| 0 eng d | ||
| 020 |
_a9788120333727 (pbk) _c446.25 |
||
| 024 | _a240,066 | ||
| 037 |
_b04926, 18/09/2009, Atlantic Publisher & Dist.Pvt.Ltd. _cTextual |
||
| 040 |
_aARTS _cARTS _beng |
||
| 041 |
_2eng _aeng |
||
| 082 | _aS:4, P7 | ||
| 100 |
_aSwith Edward E. _937827 |
||
| 245 | 0 |
_aCognitive psychology _b Mind and brain |
|
| 260 |
_aNew Delhi _bPHI Learning Pvt. LTd. India _c2007 |
||
| 300 |
_axiii,610p. _ccm. |
||
| 650 | _aPSYCHOLOGY | ||
| 700 |
_a Kosslyn Stephen M. _937828 |
||
| 942 |
_hS:4, P7 _cTEXL _2CC |
||
| 999 |
_c140510 _d140510 |
||